[Event "IECC O email"]
[Site "IECC email"]
[Date "1999.08.18"]
[Round "?"]
[White "Cash, David"]
[Black "Carey, Mike"]
[Result "0-1"]
[WhiteElo "1416"]
[BlackElo "1250"]
[PlyCount "72"]
[EventDate "1999.??.??"]
[EventType "tourn (corr)"]
[EventRounds "6"]
[SourceTitle "Corr 2008"]
[Source "ChessBase"]
[SourceDate "2008.06.24"]
[SourceVersion "1"]
[SourceVersionDate "2008.06.24"]
[SourceQuality "1"]

1. e4 c5 2. Nf3 d6 3. d4 cxd4 4. Nxd4 Nf6 5. Nc3 g6 6. Be3 Bg7 7. Bc4 Ng4 8. Bb5+ Kf8 9. 0-0 Na6 10. Nd5 Nc7 11. Bc4 Kg8 12. h3 Nxe3 13. fxe3 Nxd5 14. Bxd5 e6 15. Qf3 Qe7 16. Bc4 Bd7 17. Rf2 Bxd4 18. exd4 Kg7 19. Raf1 Rhf8 20. Qe3 Rac8 21. Bd3 Bc6 22. Kh2 a6 23. Rh1 d5 24. Kg1 dxe4 25. Bxe4 Bxe4 26. Qxe4 b5 27. c3 b4 28. Qe5+ Kg8 29. h4 bxc3 30. h5 c2 31. Rxc2 Rxc2 32. h6 f6 33. Qf4 Rxb2 34. Kh2 Qb7 35. Kg3 Qxg2+ 36. Kh4 g5+ 0-1